00997nam a2200253 a 4500001001000000005001700010008004100027041000800068044000800076050002200084245001800106260005000124300002400174500003400198500022400232500007200456500003800528500001000566650003500576650003500611650004000646650001300686710004400699BRCA_639220190320205433.0310811s19uu----nyua######---#000-0#eng-# aeng anyu 4aN620b.C38 3 190010aCatalogue 27. aNueva YorkbWilliam H. Schab Galleryc[19--?] a130 p.bil.c29 cm. aIncluye índice alfabético aTítulo de cubierta: Monuments of Book Illustration early Printing and Manuscripts: from the XVth to the XVIIIth centuries world Literature in Original editions Geographical and Scientific Discoveries in first editions aCatálogo de subasta inventariado por Banco de México como libro aVer también CEF58, CEF59 y DD38 aCEF7814aLibros ilustradosvCatálogos14aArtexColecciones particulares14aGalerías y museoszEstados Unidos14aSubastas2 aGalería William H. Schab (Nueva York)